Text book of hydraulic machines (Record no. 10732)

000 -LEADER
fixed length control field 00441nam a22001817a 4500
001 - CONTROL NUMBER
control field 10732
003 - CONTROL NUMBER IDENTIFIER
control field BD-DhUET
008 - FIXED-LENGTH DATA ELEMENTS--GENERAL INFORMATION
fixed length control field 150209b xxu||||| |||| 00| 0 eng d
040 ## - CATALOGING SOURCE
Transcribing agency 0
Modifying agency BD-DhUET
082 ## - DEWEY DECIMAL CLASSIFICATION NUMBER
Classification number 621.2
Item number KHU/1985
100 ## - MAIN ENTRY--PERSONAL NAME
Personal name Khurmi, R. S.
245 ## - TITLE STATEMENT
Title Text book of hydraulic machines
250 ## - EDITION STATEMENT
Edition statement 14th ed.
260 ## - PUBLICATION, DISTRIBUTION, ETC. (IMPRINT)
Place of publication, distribution, etc. New Delhi
Name of publisher, distributor, etc. S. Chand
Date of publication, distribution, etc. 1985
300 ## - PHYSICAL DESCRIPTION
Extent vii, v.p.
Other physical details ill.
650 #0 - SUBJECT ADDED ENTRY--TOPICAL TERM
Topical term or geographic name as entry element Hydraulic Machines
942 ## - ADDED ENTRY ELEMENTS (KOHA)
Koha item type General Book
Holdings
Withdrawn status Damaged status Koha full call number Lost status Koha item type Sublocation or collection (holding branch) Date acquired Koha normalized classification for sorting Copy number Location (home branch) Source of classification or shelving scheme Piece designation (barcode) Not for loan Koha date last seen Price effective from Shelving location
  621.2/KHU/1985 General BookCentral Library, BUET2015-02-09621_200000000000000_KHU_19851Central Library, BUET 64129 2015-02-092015-02-09Circulation section
  621.2/KHU/1985 General BookCentral Library, BUET2015-02-09621_200000000000000_KHU_19852Central Library, BUET 64154 2015-02-092015-02-09Circulation section
  621.2/KHU/1985 General BookCentral Library, BUET2015-02-09621_200000000000000_KHU_19853Central Library, BUET 64142 2015-02-092015-02-09Circulation section
  621.2/KHU/1985 General BookCentral Library, BUET2015-02-09621_200000000000000_KHU_19854Central Library, BUET 56685 2015-02-092015-02-09Circulation section
  621.2/KHU/1985 General BookCentral Library, BUET2015-02-09621_200000000000000_KHU_19855Central Library, BUET 64155 2015-06-222015-02-09Circulation section
  621.2/KHU/1985 General BookCentral Library, BUET2015-02-09621_200000000000000_KHU_19856Central Library, BUET 64132 2015-02-092015-02-09Circulation section
  621.2/KHU/1985 General BookCentral Library, BUET2015-02-09621_200000000000000_KHU_19857Central Library, BUET 64136 2015-02-092015-02-09Circulation section
  621.2/KHU/1985 General BookCentral Library, BUET2015-02-09621_200000000000000_KHU_19858Central Library, BUET 64153 2015-02-092015-02-09Circulation section
  621.2/KHU/1985 General BookCentral Library, BUET2015-02-09621_200000000000000_KHU_19859Central Library, BUET 64134 2015-02-092015-02-09Circulation section
  621.2/KHU/1985 General BookCentral Library, BUET2015-02-09621_200000000000000_KHU_198510Central Library, BUET 64150 2015-02-092015-02-09Circulation section
  621.2/KHU/1985 General BookCentral Library, BUET2015-02-09621_200000000000000_KHU_198511Central Library, BUET 64137 2015-02-092015-02-09Circulation section
  621.2/KHU/1985 General BookCentral Library, BUET2015-02-09621_200000000000000_KHU_198512Central Library, BUET 64139 2015-02-092015-02-09Circulation section